Fr. Conceicao Rodrigues College of Engineering

Research methods for Management (Record no. 30796)

MARC details
000 -LEADER
fixed length control field 00320nam a2200157Ia 4500
082 ## - DEWEY DECIMAL CLASSIFICATION NUMBER
Classification number 658.57
Item number SHA
100 ## - MAIN ENTRY--PERSONAL NAME
Personal name Shajahan/S
250 ## - EDITION STATEMENT
Edition statement 2
245 ## - TITLE STATEMENT
Title Research methods for Management
260 ## - PUBLICATION, DISTRIBUTION, ETC.
Name of publisher, distributor, etc. Jaico
Date of publication, distribution, etc. 2004
366 ## - TRADE AVAILABILITY INFORMATION
Publishers's discount category 15
300 ## - PHYSICAL DESCRIPTION
Extent 391
546 ## - LANGUAGE NOTE
Language note ENGLISH
654 ## - SUBJECT ADDED ENTRY--FACETED TOPICAL TERMS
Focus term research methods
942 ## - ADDED ENTRY ELEMENTS (KOHA)
Koha item type Reference Book
Holdings
Withdrawn status Lost status Damaged status Not for loan Collection Home library Current library Date acquired Cost, normal purchase price Total Checkouts Full call number Barcode Date last seen Cost, replacement price Price effective from Koha item type
        CRC Fr. Agnel's C.Rodrigues College of Engineering Fr. Agnel's C.Rodrigues College of Engineering 17/03/2023 276.25   658.57 SHA 15290 17/03/2023 325.00 17/03/2023 Reference Book